[Event "Colombia ch femenino 2009"]
[Site "Buga COL"]
[Date "2009.06.05"]
[Round "5.4"]
[White "Herrera, Milena"]
[Black "Salazar, Aura Cristina"]
[Result "1-0"]
[WhiteElo "2108"]
[BlackElo "2031"]
[PlyCount "97"]
[EventDate "2009.06.03"]
[EventType "tourn"]
[EventRounds "9"]
[EventCountry "COL"]
[Source "lmi"]
[SourceDate "2009.06.03"]

1. e4 c5 2. Nf3 d6 3. d4 cxd4 4. Nxd4 Nf6 5. Nc3 g6 6. Be3 Bg7 7. f3 O-O 8. Qd2
Nc6 9. O-O-O d5 10. Kb1 Nxd4 11. e5 Nf5 12. exf6 Bxf6 13. Nxd5 Qxd5 14. Qxd5
Nxe3 15. Qd3 Nxd1 16. Qxd1 Be6 17. Bb5 Rfd8 18. Qe2 Rd6 19. Bc4 Rad8 20. Bd3 a5
21. a4 Rd4 22. Rd1 Rxa4 23. c3 Rh4 24. h3 Rh5 25. Be4 Rxd1+ 26. Qxd1 Rb5 27.
Qd3 Rg5 28. g4 Rc5 29. Qd8+ Kg7 30. Qb6 Re5 31. Qxb7 Bg5 32. Qc7 Bf4 33. Qa7 f5
34. gxf5 gxf5 35. Qxe7+ Kg6 36. Qh4 Bh6 37. Bd3 Re3 38. Qg3+ Kf6 39. Kc2 a4 40.
c4 Bg5 41. h4 Bh6 42. Qf2 Bf4 43. h5 Kg5 44. h6 Kg6 45. c5 Bb3+ 46. Kc3 Re6 47.
Bc4 Re3+ 48. Kb4 Bd1 49. Qg1+ 1-0

[Event "Colombia ch femenino 2009"]
[Site "Buga COL"]
[Date "2009.06.05"]
[Round "5.5"]
[White "Orozco, Luz Elena"]
[Black "Rodriguez Rueda, Paula Andrea"]
[Result "1/2-1/2"]
[WhiteElo "2058"]
[BlackElo "2035"]
[PlyCount "106"]
[EventDate "2009.06.03"]
[EventType "tourn"]
[EventRounds "9"]
[EventCountry "COL"]
[Source "lmi"]
[SourceDate "2009.06.03"]

1. e4 c5 2. Nf3 e6 3. d4 cxd4 4. Nxd4 a6 5. Nc3 d6 6. Be2 Nf6 7. Be3 b5 8. a3
Bb7 9. f3 Nbd7 10. O-O Be7 11. Qe1 O-O 12. Qg3 Kh8 13. Bd3 Nc5 14. Rad1 Rc8 15.
Kh1 Qc7 16. Bxb5 axb5 17. Ndxb5 Qb8 18. Nxd6 Bxd6 19. Qxd6 Qxd6 20. Rxd6 Rfe8
21. Rfd1 Kg8 22. Rb6 Ba8 23. Rd2 Ncd7 24. Rb5 Rb8 25. b4 Rec8 26. Rxb8 Rxb8 27.
Na4 Bc6 28. Nb2 Ra8 29. Rd3 Ne5 30. Rc3 Bd7 31. Kg1 Kf8 32. Bd4 Ng6 33. Rb3 Ba4
34. Rc3 Nd7 35. Rc7 Ke8 36. Bxg7 Kd8 37. Rc3 Bb5 38. Bd4 Nf4 39. Kf2 Ne2 40.
Bb6+ Nxb6 41. Rc5 Nd4 42. c3 Rxa3 43. cxd4 Ra2 44. Rxb5 Rxb2+ 45. Kg3 Nd7 46.
Rh5 Rxb4 47. Rxh7 Ke7 48. d5 exd5 49. exd5 Rd4 50. Rh5 Kd6 51. Rf5 f6 52. h4
Rxd5 53. Rxd5+ Kxd5 1/2-1/2

[Event "Colombia ch femenino 2009"]
[Site "Buga COL"]
[Date "2009.06.06"]
[Round "6.1"]
[White "Salazar, Dirza Marcela"]
[Black "Rodriguez Rueda, Paula Andrea"]
[Result "1-0"]
[WhiteElo "1921"]
[BlackElo "2035"]
[PlyCount "61"]
[EventDate "2009.06.03"]
[EventType "tourn"]
[EventRounds "9"]
[EventCountry "COL"]
[Source "lmi"]
[SourceDate "2009.06.03"]

1. e4 c5 2. Nf3 e6 3. d4 cxd4 4. Nxd4 Nc6 5. Nc3 Qc7 6. Be2 a6 7. O-O Nf6 8.
Be3 Bb4 9. Bf3 Bxc3 10. bxc3 h6 11. Nxc6 bxc6 12. Bc5 d5 13. Re1 Nd7 14. Ba3
dxe4 15. Rxe4 Nf6 16. Re3 Bd7 17. Qd3 a5 18. g3 Rc8 19. Bd6 Qb6 20. Rd1 Qd8 21.
Qd4 h5 22. Re5 h4 23. Rg5 Rh7 24. c4 hxg3 25. fxg3 g6 26. Qf4 a4 27. Kg2 Ra8
28. Rf1 Ra6 29. Kg1 c5 30. Bxc5 Ra5 31. Qd6 1-0

[Event "Colombia ch femenino 2009"]
[Site "Buga COL"]
[Date "2009.06.06"]
[Round "6.2"]
[White "Salazar, Aura Cristina"]
[Black "Orozco, Luz Elena"]
[Result "1-0"]
[WhiteElo "2031"]
[BlackElo "2058"]
[PlyCount "69"]
[EventDate "2009.06.03"]
[EventType "tourn"]
[EventRounds "9"]
[EventCountry "COL"]
[Source "lmi"]
[SourceDate "2009.06.03"]

1. e4 c5 2. Nc3 Nc6 3. f4 e6 4. Nf3 g6 5. Bb5 Nd4 6. O-O a6 7. Bd3 Bg7 8. e5
Ne7 9. Nxd4 cxd4 10. Ne4 O-O 11. b3 f6 12. exf6 Bxf6 13. Ba3 Bg7 14. Nd6 b5 15.
Qc1 Rb8 16. Bc5 Qc7 17. Qa3 Nd5 18. Ne4 Rf7 19. Bd6 Qb6 20. Bxb8 Qxb8 21. Qd6
Qa8 22. Ng5 Bf8 23. Qe5 Bg7 24. Qe4 Bb7 25. Qe1 Rxf4 26. Rxf4 Nxf4 27. Qh4 Nh5
28. Nxh7 Bxg2 29. Bxg6 Bh1 30. Qg4 Bf3 31. Qg5 Kh8 32. Bxh5 Kxh7 33. Qg6+ Kh8
34. Rf1 Qe4 35. Qg5 1-0

[Event "Colombia ch femenino 2009"]
[Site "Buga COL"]
[Date "2009.06.06"]
[Round "6.3"]
[White "Rivera, Ingris"]
[Black "Herrera, Milena"]
[Result "0-1"]
[WhiteElo "2187"]
[BlackElo "2108"]
[PlyCount "76"]
[EventDate "2009.06.03"]
[EventType "tourn"]
[EventRounds "9"]
[EventCountry "COL"]
[Source "lmi"]
[SourceDate "2009.06.03"]

1. d4 Nf6 2. Nf3 e6 3. Bf4 b6 4. c3 Bb7 5. Nbd2 c5 6. e3 Be7 7. Bd3 O-O 8. Qe2
d5 9. h4 Bd6 10. Be5 Nc6 11. O-O-O c4 12. Bc2 b5 13. e4 b4 14. Bxd6 bxc3 15.
Bxf8 Qxf8 16. Nb1 cxb2+ 17. Kd2 Qb4+ 18. Nc3 dxe4 19. a3 exf3 20. axb4 fxe2 21.
Rb1 Nxd4 22. Rxb2 Bxg2 23. Ra1 Bf1 24. Ke3 Rd8 25. f3 Nh5 26. Be4 f5 27. Nxe2
Bxe2 28. Bb7 Bd3 29. Rd2 f4+ 30. Kf2 Nb3 31. Rxd3 cxd3 32. Rd1 d2 33. Bc6 Nd4
34. Be4 Nf5 35. Bxf5 exf5 36. b5 h6 37. Ke2 Ng3+ 38. Kf2 g5 0-1

[Event "Colombia ch femenino 2009"]
[Site "Buga COL"]
[Date "2009.06.06"]
[Round "6.4"]
[White "Mateus, Martha"]
[Black "Orozco, Lina Yomayra"]
[Result "1-0"]
[WhiteElo "2162"]
[BlackElo "2111"]
[PlyCount "37"]
[EventDate "2009.06.03"]
[EventType "tourn"]
[EventRounds "9"]
[EventCountry "COL"]
[Source "lmi"]
[SourceDate "2009.06.03"]

1. e4 c5 2. Nf3 e6 3. d4 cxd4 4. Nxd4 a6 5. Bd3 Qc7 6. O-O Nf6 7. Qe2 d6 8. Kh1
g6 9. c4 Bg7 10. Be3 O-O 11. Nc3 Nbd7 12. f4 b6 13. Rac1 Nc5 14. Bb1 Bb7 15.
Bg1 e5 16. fxe5 dxe5 17. Nf3 Nfd7 18. Nd5 Qc6 19. Ne7+ 1-0

[Event "Colombia ch femenino 2009"]
[Site "Buga COL"]
[Date "2009.06.06"]
[Round "6.5"]
[White "Franco Valencia, Beatriz I"]
[Black "Franco Valencia, Angela Maria"]
[Result "1/2-1/2"]
[WhiteElo "2155"]
[BlackElo "2118"]
[PlyCount "57"]
[EventDate "2009.06.03"]
[EventType "tourn"]
[EventRounds "9"]
[EventCountry "COL"]
[Source "lmi"]
[SourceDate "2009.06.03"]

1. e4 e5 2. Nc3 Nc6 3. g3 g6 4. Bg2 Bg7 5. Nge2 Nge7 6. d3 O-O 7. Be3 Nd4 8.
Qd2 c6 9. f4 d5 10. fxe5 Nxe2 11. Nxe2 Bxe5 12. d4 Bg7 13. O-O-O dxe4 14. Bxe4
Nf5 15. Bf4 Nd6 16. Bf3 Nc4 17. Qb4 Nb6 18. Nc3 Be6 19. Kb1 a5 20. Qc5 Nd7 21.
Qd6 Nf6 22. d5 cxd5 23. Nxd5 Nxd5 24. Bxd5 Qf6 25. Qa3 Ra6 26. Rhe1 Bxd5 27.
Rxd5 Re6 28. Red1 h6 29. Rd6 1/2-1/2

[Event "Colombia ch femenino 2009"]
[Site "Buga COL"]
[Date "2009.06.07"]
[Round "7.1"]
[White "Franco Valencia, Angela Maria"]
[Black "Salazar, Dirza Marcela"]
[Result "1-0"]
[WhiteElo "2118"]
[BlackElo "1921"]
[PlyCount "57"]
[EventDate "2009.06.03"]
[EventType "tourn"]
[EventRounds "9"]
[EventCountry "COL"]
[Source "lmi"]
[SourceDate "2009.06.03"]

1. e4 c5 2. Nc3 Nc6 3. Nge2 d6 4. d4 cxd4 5. Nxd4 Nf6 6. Be2 a6 7. O-O e5 8.
Nf3 b5 9. a3 Bb7 10. Re1 Be7 11. Bf1 O-O 12. Bg5 Rc8 13. Re2 Na5 14. Bxf6 Bxf6
15. Rd2 Be7 16. Nxe5 Qc7 17. Ng4 Nc4 18. Bxc4 Qxc4 19. Ne3 Qc7 20. Ncd5 Bxd5
21. Nxd5 Qb7 22. c3 Bg5 23. f4 Bd8 24. f5 Bg5 25. Rd3 Kh8 26. Qg4 Bd8 27. Rh3
Rc4 28. f6 Rg8 29. Rxh7+ 1-0

[Event "Colombia ch femenino 2009"]
[Site "Buga COL"]
[Date "2009.06.07"]
[Round "7.2"]
[White "Orozco, Lina Yomayra"]
[Black "Franco Valencia, Beatriz I"]
[Result "1-0"]
[WhiteElo "2111"]
[BlackElo "2155"]
[PlyCount "77"]
[EventDate "2009.06.03"]
[EventType "tourn"]
[EventRounds "9"]
[EventCountry "COL"]
[Source "lmi"]
[SourceDate "2009.06.03"]

1. e4 d5 2. Nc3 c6 3. d4 dxe4 4. Nxe4 Bf5 5. Ng3 Bg6 6. Nf3 Nd7 7. Bd3 e6 8.
Bxg6 hxg6 9. Bf4 Ngf6 10. Ne2 Be7 11. O-O O-O 12. c4 Qb6 13. Qc2 c5 14. Rad1
cxd4 15. Nexd4 Rac8 16. Qe2 Rfd8 17. b3 Bc5 18. Nb5 a6 19. Nc3 Bb4 20. Na4 Qa5
21. Bd2 b5 22. Bxb4 Qxb4 23. Nb2 bxc4 24. Nxc4 Nd5 25. Qd2 Nc5 26. Qg5 Ne4 27.
Qh4 Ndf6 28. Rxd8+ Rxd8 29. Nfe5 Qc5 30. Qf4 Nc3 31. Qf3 Nce4 32. h3 Rd5 33.
Ng4 Nxg4 34. Qxg4 Qd4 35. Qf3 Nc3 36. a4 e5 37. Qg4 Qd3 38. Qc8+ Kh7 39. Qxa6
1-0

[Event "Colombia ch femenino 2009"]
[Site "Buga COL"]
[Date "2009.06.07"]
[Round "7.3"]
[White "Herrera, Milena"]
[Black "Mateus, Martha"]
[Result "1-0"]
[WhiteElo "2108"]
[BlackElo "2162"]
[PlyCount "91"]
[EventDate "2009.06.03"]
[EventType "tourn"]
[EventRounds "9"]
[EventCountry "COL"]
[Source "lmi"]
[SourceDate "2009.06.03"]

1. e4 c5 2. Nf3 d6 3. d4 cxd4 4. Nxd4 Nf6 5. Nc3 a6 6. h3 e5 7. Nde2 Be7 8. g4
Be6 9. Bg2 Nbd7 10. Ng3 Nb6 11. g5 Nfd7 12. Nf5 Bxf5 13. exf5 Bxg5 14. Bxg5
Qxg5 15. Bxb7 Ra7 16. Ne4 Qh6 17. f6 O-O 18. Qxd6 Rxb7 19. fxg7 Qxd6 20. Nxd6
Rfb8 21. Nxb7 Rxb7 22. Rg1 Nd5 23. b3 Nb4 24. Kd2 Nf6 25. Rae1 e4 26. a3 Rd7+
27. Kc1 Nc6 28. Rd1 Rxd1+ 29. Rxd1 Ne8 30. Rd5 Kxg7 31. Rc5 Nd4 32. Rc4 Ne2+
33. Kd2 Ng1 34. Rxe4 Nf6 35. Re3 Nh5 36. Ke1 f5 37. Kf1 f4 38. Rc3 Nxh3 39.
Rxh3 Nf6 40. Rf3 Nh5 41. c4 Kf6 42. b4 Ke5 43. b5 axb5 44. cxb5 Nf6 45. b6 Ne4
46. b7 1-0

[Event "Colombia ch femenino 2009"]
[Site "Buga COL"]
[Date "2009.06.07"]
[Round "7.4"]
[White "Orozco, Luz Elena"]
[Black "Rivera, Ingris"]
[Result "0-1"]
[WhiteElo "2058"]
[BlackElo "2187"]
[PlyCount "45"]
[EventDate "2009.06.03"]
[EventType "tourn"]
[EventRounds "9"]
[EventCountry "COL"]
[Source "lmi"]
[SourceDate "2009.06.03"]

1. e4 c5 2. Nf3 d6 3. d4 cxd4 4. Nxd4 Nf6 5. Nc3 a6 6. Bg5 e6 7. f4 Be7 8. Qf3
Qc7 9. O-O-O Nbd7 10. g4 b5 11. Bxf6 gxf6 12. Bg2 b4 13. Nce2 Bb7 14. Ng3 Nc5
15. Kb1 a5 16. Rhe1 a4 17. Qe2 O-O 18. g5 fxg5 19. fxg5 a3 20. b3 Na4 21. Qd2
Nc3+ 22. Ka1 Nxd1 23. Rxd1 0-1

[Event "Colombia ch femenino 2009"]
[Site "Buga COL"]
[Date "2009.06.07"]
[Round "7.5"]
[White "Rodriguez Rueda, Paula Andrea"]
[Black "Salazar, Aura Cristina"]
[Result "1-0"]
[WhiteElo "2035"]
[BlackElo "2031"]
[PlyCount "83"]
[EventDate "2009.06.03"]
[EventType "tourn"]
[EventRounds "9"]
[EventCountry "COL"]
[Source "lmi"]
[SourceDate "2009.06.03"]

1. d4 Nf6 2. c4 g6 3. Nc3 Bg7 4. e4 d6 5. f3 O-O 6. Bg5 c5 7. d5 Nbd7 8. Bd3
Ne5 9. Nge2 Nfd7 10. Bf4 f5 11. O-O Nxd3 12. Qxd3 Ne5 13. Bxe5 Bxe5 14. f4 fxe4
15. Qxe4 Bf5 16. Qe3 Bg7 17. Kh1 e5 18. dxe6 Re8 19. Rad1 Bxe6 20. Qd3 Qh4 21.
Nd5 Bf5 22. Qg3 Qg4 23. Nec3 Qxg3 24. hxg3 Rad8 25. Rfe1 a6 26. Ne7+ Kf7 27.
Nxf5 gxf5 28. Rxe8 Kxe8 29. Re1+ Kf8 30. Nd5 Rd7 31. b3 Kf7 32. a4 Bd4 33. Re2
Kg6 34. Kh2 Kf7 35. Kh3 Bf6 36. g4 fxg4+ 37. Kxg4 Rd8 38. Kf5 Bh4 39. g3 Bxg3
40. Re7+ Kg8 41. Nf6+ Kf8 42. Ke6 1-0

[Event "Colombia ch femenino 2009"]
[Site "Buga COL"]
[Date "2009.06.07"]
[Round "8.1"]
[White "Salazar, Dirza Marcela"]
[Black "Salazar, Aura Cristina"]
[Result "0-1"]
[WhiteElo "1921"]
[BlackElo "2031"]
[PlyCount "66"]
[EventDate "2009.06.03"]
[EventType "tourn"]
[EventRounds "9"]
[EventCountry "COL"]
[Source "lmi"]
[SourceDate "2009.06.03"]

1. e4 c5 2. Nf3 d6 3. d4 cxd4 4. Nxd4 Nf6 5. Nc3 g6 6. Be3 Bg7 7. f3 O-O 8. Qd2
Nc6 9. Bc4 Bd7 10. O-O-O Ne5 11. Bb3 Rc8 12. Bg5 Rc5 13. Rhe1 b5 14. f4 Nc4 15.
Bxc4 Rxc4 16. e5 b4 17. Ncb5 Qb6 18. Nxd6 exd6 19. exf6 Bh8 20. Kb1 d5 21. h3
Bxf6 22. Bxf6 Qxf6 23. Re3 Rfc8 24. Rd3 a5 25. Qe3 Re8 26. Qf3 Re4 27. Nb3 Be6
28. g3 a4 29. Nd2 Rcd4 30. Rxd4 Rxd4 31. Qe2 a3 32. Nf3 Rxd1+ 33. Qxd1 Qxb2#
0-1

[Event "Colombia ch femenino 2009"]
[Site "Buga COL"]
[Date "2009.06.07"]
[Round "8.2"]
[White "Rivera, Ingris"]
[Black "Rodriguez Rueda, Paula Andrea"]
[Result "1-0"]
[WhiteElo "2187"]
[BlackElo "2035"]
[PlyCount "75"]
[EventDate "2009.06.03"]
[EventType "tourn"]
[EventRounds "9"]
[EventCountry "COL"]
[Source "lmi"]
[SourceDate "2009.06.03"]

1. d4 Nf6 2. Nf3 d5 3. Bf4 e6 4. e3 Be7 5. Nbd2 O-O 6. Bd3 c5 7. c3 Nbd7 8. h4
b6 9. Ne5 Bb7 10. Qf3 cxd4 11. exd4 Re8 12. O-O-O Nxe5 13. Bxe5 Bd6 14. Rh3
Bxe5 15. dxe5 Nd7 16. Re1 Qc7 17. Qf4 f6 18. Nf3 fxe5 19. Nxe5 Nxe5 20. Qxe5
Qxe5 21. Rxe5 Rac8 22. Kd2 Rc7 23. Rhe3 Rce7 24. f4 g6 25. g4 Kf7 26. h5 Bc6
27. Rh3 Rg8 28. Rg5 Kf6 29. Ke3 e5 30. Rxe5 Rxe5+ 31. fxe5+ Kxe5 32. hxg6 hxg6
33. Rh7 a5 34. g5 Ke6 35. Kd4 Kd6 36. Rf7 Be8 37. Rf6+ Kc7 38. Kxd5 1-0

[Event "Colombia ch femenino 2009"]
[Site "Buga COL"]
[Date "2009.06.07"]
[Round "8.3"]
[White "Mateus, Martha"]
[Black "Orozco, Luz Elena"]
[Result "1-0"]
[WhiteElo "2162"]
[BlackElo "2058"]
[PlyCount "45"]
[EventDate "2009.06.03"]
[EventType "tourn"]
[EventRounds "9"]
[EventCountry "COL"]
[Source "lmi"]
[SourceDate "2009.06.03"]

1. e4 c5 2. Nf3 Nc6 3. c3 Nf6 4. e5 Nd5 5. d4 cxd4 6. Bc4 Nb6 7. Bb3 d6 8. exd6
Qxd6 9. cxd4 Bg4 10. Bxf7+ Kxf7 11. Ng5+ Kg8 12. Qxg4 Nxd4 13. O-O Nc2 14. Be3
h6 15. Nf7 Qf6 16. Nxh8 Nxa1 17. Ng6 Nc2 18. Bxb6 Qxb2 19. Qe6+ Kh7 20. Be3 Nb4
21. Nxf8+ Rxf8 22. Qxe7 Rb8 23. Bxa7 1-0

[Event "Colombia ch femenino 2009"]
[Site "Buga COL"]
[Date "2009.06.07"]
[Round "8.4"]
[White "Franco Valencia, Beatriz I"]
[Black "Herrera, Milena"]
[Result "1-0"]
[WhiteElo "2155"]
[BlackElo "2108"]
[PlyCount "97"]
[EventDate "2009.06.03"]
[EventType "tourn"]
[EventRounds "9"]
[EventCountry "COL"]
[Source "lmi"]
[SourceDate "2009.06.03"]

1. e4 c5 2. Nc3 a6 3. a4 e6 4. g3 d5 5. exd5 exd5 6. Bg2 Nf6 7. Nf3 Nc6 8. O-O
Be7 9. h3 d4 10. Ne2 d3 11. cxd3 Qxd3 12. Nf4 Qd6 13. Ne2 c4 14. b3 Be6 15.
bxc4 Bxc4 16. Re1 O-O 17. d4 Nd5 18. Nf4 b5 19. Ne5 Nc3 20. Qd2 Nxe5 21. Qxc3
Qb4 22. Qxb4 Bxb4 23. Rxe5 Bc3 24. Bxa8 Bxa1 25. Bb7 Bxd4 26. Re4 Rd8 27. Bd5
Bc5 28. Bxc4 bxc4 29. Rxc4 Be7 30. Kg2 f6 31. Ne6 Rd6 32. Nd4 Rd5 33. Be3 Bd6
34. Nc6 h6 35. Rd4 Rxd4 36. Bxd4 Kf7 37. Nd8+ Ke7 38. Nb7 Bc7 39. Nc5 a5 40.
Bc3 Kd6 41. Bxa5 Bxa5 42. Nb7+ Kc6 43. Nxa5+ Kc5 44. Nb3+ Kb4 45. a5 Kb5 46.
Kf3 g6 47. Ke4 Ka6 48. Kd5 f5 49. Ke6 1-0

[Event "Colombia ch femenino 2009"]
[Site "Buga COL"]
[Date "2009.06.07"]
[Round "8.5"]
[White "Franco Valencia, Angela Maria"]
[Black "Orozco, Lina Yomayra"]
[Result "1/2-1/2"]
[WhiteElo "2118"]
[BlackElo "2111"]
[PlyCount "109"]
[EventDate "2009.06.03"]
[EventType "tourn"]
[EventRounds "9"]
[EventCountry "COL"]
[Source "lmi"]
[SourceDate "2009.06.03"]

1. e4 c5 2. Nf3 e6 3. d4 cxd4 4. Nxd4 Nc6 5. Nc3 a6 6. g3 g6 7. Bg2 Bg7 8. Nb3
b5 9. a3 Nge7 10. O-O O-O 11. Bf4 e5 12. Bg5 h6 13. Be3 Kh7 14. Bc5 Re8 15. a4
b4 16. Nd5 Nxd5 17. exd5 Na5 18. d6 Bb7 19. Bxb7 Nxb7 20. a5 Nxc5 21. Nxc5 Qc8
22. Na4 Qc6 23. Nb6 Ra7 24. Ra4 Re6 25. Rxb4 Rxd6 26. Qe2 Rd4 27. Rxd4 exd4 28.
Qe8 Qxc2 29. Qxf7 Qf5 30. Qxf5 gxf5 31. Rd1 Rc7 32. Kg2 Rc5 33. b4 Rb5 34. Nxd7
Rxb4 35. Nc5 Rb5 36. Nxa6 Rxa5 37. Nb4 Kg6 38. Kf3 Kf7 39. Rd3 Ke6 40. Nc6 Ra4
41. Rb3 Kd6 42. Nb4 Kc5 43. Nc2 Kc4 44. Rb8 Kc3 45. Rc8+ Kd2 46. Nxd4 Rxd4 47.
Rc5 Ke1 48. Rxf5 Rd2 49. Kg4 Rxf2 50. Rxf2 Kxf2 51. Kh5 Kf3 52. g4 Kf4 53. h4
Kg3 54. g5 hxg5 55. hxg5 1/2-1/2

[Event "Colombia ch femenino 2009"]
[Site "Buga COL"]
[Date "2009.06.08"]
[Round "9.1"]
[White "Orozco, Lina Yomayra"]
[Black "Salazar, Dirza Marcela"]
[Result "1-0"]
[WhiteElo "2111"]
[BlackElo "1921"]
[PlyCount "41"]
[EventDate "2009.06.03"]
[EventType "tourn"]
[EventRounds "9"]
[EventCountry "COL"]
[Source "lmi"]
[SourceDate "2009.06.03"]

1. e4 c5 2. Nf3 d6 3. d4 cxd4 4. Nxd4 Nf6 5. Nc3 a6 6. g3 b5 7. Bg2 Bb7 8. a4
b4 9. Nd5 e6 10. Nxb4 Bxe4 11. Bxe4 Nxe4 12. Qf3 d5 13. Nd3 Bd6 14. O-O O-O 15.
c4 Nd7 16. cxd5 exd5 17. Nf5 Ne5 18. Nxe5 Bxe5 19. Qa3 Rb8 20. Ne7+ Kh8 21. Nc6
1-0

[Event "Colombia ch femenino 2009"]
[Site "Buga COL"]
[Date "2009.06.08"]
[Round "9.2"]
[White "Herrera, Milena"]
[Black "Franco Valencia, Angela Maria"]
[Result "1/2-1/2"]
[WhiteElo "2108"]
[BlackElo "2118"]
[PlyCount "58"]
[EventDate "2009.06.03"]
[EventType "tourn"]
[EventRounds "9"]
[EventCountry "COL"]
[Source "lmi"]
[SourceDate "2009.06.03"]

1. e4 e5 2. Nc3 Nc6 3. g3 Bc5 4. Bg2 a6 5. d3 Nf6 6. Be3 Bxe3 7. fxe3 d6 8. Nf3
Bg4 9. h3 Be6 10. d4 Bd7 11. g4 h6 12. Qe2 Nh7 13. O-O-O Ng5 14. h4 Nxf3 15.
Qxf3 b5 16. Kb1 b4 17. Nd5 Be6 18. g5 Qd7 19. Nf6+ gxf6 20. Qxf6 Rh7 21. d5 Qe7
22. dxe6 Qxf6 23. gxf6 fxe6 24. Bh3 Kf7 25. Rhg1 Re8 26. h5 Nd8 27. Rg6 Rg8 28.
Rdg1 Rhh8 29. a3 Rxg6 1/2-1/2

[Event "Colombia ch femenino 2009"]
[Site "Buga COL"]
[Date "2009.06.08"]
[Round "9.3"]
[White "Orozco, Luz Elena"]
[Black "Franco Valencia, Beatriz I"]
[Result "0-1"]
[WhiteElo "2058"]
[BlackElo "2155"]
[PlyCount "88"]
[EventDate "2009.06.03"]
[EventType "tourn"]
[EventRounds "9"]
[EventCountry "COL"]
[Source "lmi"]
[SourceDate "2009.06.03"]

1. e4 e5 2. Nf3 d6 3. d4 Nd7 4. Nc3 c6 5. dxe5 dxe5 6. Bc4 Be7 7. Ne2 Ngf6 8.
Ng3 O-O 9. O-O Qc7 10. c3 Nc5 11. Qc2 b5 12. Be2 a5 13. Be3 h6 14. b4 axb4 15.
cxb4 Ne6 16. a3 Ng4 17. Nf5 Nxe3 18. fxe3 Nd8 19. Bxb5 Bxf5 20. exf5 Qb6 21.
Bd3 Qxe3+ 22. Kh1 e4 23. Bxe4 Rxa3 24. Rxa3 Qxa3 25. Ne5 Qa6 26. Rb1 Bxb4 27.
f6 Re8 28. Bd3 Qb7 29. Nf3 c5 30. fxg7 Ne6 31. Qc1 Kxg7 32. Nh4 Nd4 33. Qf4 Qe7
34. Rf1 Qe6 35. h3 Ba5 36. Bf5 Qf6 37. g3 Ne2 38. Qf3 Bc7 39. Rf2 Nxg3+ 40. Kg2
Qxh4 41. Bg4 Qe7 42. Qc3+ Qe5 43. Qb3 Qe4+ 44. Bf3 Qe1 0-1

[Event "Colombia ch femenino 2009"]
[Site "Buga COL"]
[Date "2009.06.08"]
[Round "9.4"]
[White "Rodriguez Rueda, Paula Andrea"]
[Black "Mateus, Martha"]
[Result "1-0"]
[WhiteElo "2035"]
[BlackElo "2162"]
[PlyCount "103"]
[EventDate "2009.06.03"]
[EventType "tourn"]
[EventRounds "9"]
[EventCountry "COL"]
[Source "lmi"]
[SourceDate "2009.06.03"]

1. d4 d5 2. c4 e6 3. Nc3 c5 4. cxd5 cxd4 5. Qxd4 Nc6 6. Qd1 exd5 7. Qxd5 Bd7 8.
a3 Nf6 9. Qd1 Qb6 10. e3 O-O-O 11. Qc2 Kb8 12. Nf3 Be6 13. Be2 Rg8 14. O-O g5
15. b4 g4 16. Nd4 Rc8 17. Nxe6 fxe6 18. Qb3 Na5 19. Qb2 Nc6 20. Na4 Qd8 21. b5
Na5 22. Rd1 Qe7 23. Bd2 Nc4 24. Bxc4 Rxc4 25. Bb4 Rxb4 26. axb4 b6 27. Qe5+ Kb7
28. Rac1 Bg7 29. Rd6 Re8 30. Rcc6 Nd5 31. Qxe6 Qxe6 32. Rxe6 Rd8 33. Red6 Rxd6
34. Rxd6 Nf6 35. e4 Kc7 36. Rc6+ Kd7 37. e5 Ne8 38. e6+ Ke7 39. Kf1 Be5 40. Nc3
Nd6 41. Nd5+ Kxe6 42. Ne3 h5 43. Nc4 Kd5 44. Nxd6 Bxd6 45. Rxd6+ Kxd6 46. Ke2
Kd5 47. Kd3 h4 48. h3 gxh3 49. gxh3 Ke5 50. Ke3 Kf5 51. f4 Kf6 52. Ke4 1-0

[Event "Colombia ch femenino 2009"]
[Site "Buga COL"]
[Date "2009.06.08"]
[Round "9.5"]
[White "Salazar, Aura Cristina"]
[Black "Rivera, Ingris"]
[Result "0-1"]
[WhiteElo "2031"]
[BlackElo "2187"]
[PlyCount "99"]
[EventDate "2009.06.03"]
[EventType "tourn"]
[EventRounds "9"]
[EventCountry "COL"]
[Source "lmi"]
[SourceDate "2009.06.03"]

1. e4 c5 2. Nf3 d6 3. d4 cxd4 4. Nxd4 Nf6 5. Nc3 a6 6. f3 e5 7. Nb3 Be7 8. Be3
O-O 9. Qd2 Be6 10. O-O-O b5 11. g4 b4 12. Nd5 Bxd5 13. exd5 a5 14. Kb1 Nbd7 15.
g5 Nh5 16. Bb5 Nb8 17. Rhg1 a4 18. Nc1 Qa5 19. Bd3 Na6 20. Ne2 g6 21. Ng3 Ng7
22. Ne4 Nh5 23. Qf2 Rfb8 24. Qh4 Qd8 25. Qf2 Nc7 26. Ng3 Ng7 27. Bc4 Bxg5 28.
Bxg5 Qxg5 29. Ne4 Qe7 30. Qd2 Nce8 31. Rdf1 a3 32. b3 Ra7 33. f4 f5 34. Ng3 e4
35. Qd4 Qf6 36. Ne2 Ra5 37. c3 Rc5 38. cxb4 Rxb4 39. Rc1 Nh5 40. Rgf1 Nc7 41.
Qxf6 Nxf6 42. Nd4 Ncxd5 43. Bxd5+ Nxd5 44. Rxc5 dxc5 45. Nc2 Rb7 46. Nxa3 e3
47. Re1 Re7 48. Kc2 e2 49. Kd2 Nxf4 50. Nc4 0-1